000 00363 a2200157 4500
001 149935
040 _cEscola São Tomás de Aquino
100 _aAZEVEDO, Ricardo
240 1 0 _aAraújo & Ophélia
_lpor
245 1 0 _aAraújo & Ophélia
300 _a31
362 0 _a2006
440 1 _aModerna
697 _aFolclore / Adivinhações / Lendas
942 _cBK
999 _c149935
_d149935